000 00279nam a22001337a 4500
003 SGT
082 _a370
_bY15M
100 _aMRUNALINI, T.
245 _aYOGA EDUCATION
260 _aNEW DELHI
_bNEELKAMAL PUB
_c2015
300 _a232
650 _aEDUCATION
942 _2ddc
_cBK
_010
999 _c12406
_d12406